[Event "North Wales Major op 4th"]
[Site "Llandudno"]
[Date "2019.06.22"]
[Round "2"]
[White "Davies, Sam"]
[Black "Hawthorne, Julian N"]
[Result "1-0"]
[WhiteElo "1693"]
[BlackElo "1344"]
[PlyCount "67"]
[EventDate "2019.06.21"]
[EventType "swiss"]
[EventRounds "5"]
[EventCountry "WLS"]
[SourceTitle "EXT 2020"]
[Source "ChessBase"]
[SourceDate "2019.10.17"]
[SourceVersion "1"]
[SourceVersionDate "2019.10.17"]
[SourceQuality "1"]

1. e4 c5 2. Nc3 e6 3. g3 d6 4. Bg2 Ne7 5. d3 Ng6 6. f4 Be7 7. Nf3 0-0 8. 0-0 Nc6 9. Be3 Qb6 10. Rb1 Bf6 11. Ne2 Re8 12. Kh1 Qc7 13. h3 b6 14. g4 Nh4 15. Nxh4 Bxh4 16. f5 e5 17. Nc3 Ne7 18. Qd2 f6 19. g5 Kf7 20. Rg1 Rg8 21. Bf3 Bb7 22. Qe2 Qd7 23. Rg4 Bxg5 24. Bxg5 fxg5 25. Rxg5 g6 26. fxg6+ hxg6 27. Bg4 Qd8 28. Rg1 Bc8 29. Qf3+ Kg7 30. Bh5 Kh6 31. Bxg6 Bxh3 32. Qh5+ Kg7 33. Qh7+ Kf6 34. Qf7# 1-0

[Event "Telford 4NCL U1825 op"]
[Site "Telford"]
[Date "2018.11.02"]
[Round "4"]
[White "Hawthorne, Julian N"]
[Black "Steel, Martin J"]
[Result "1-0"]
[WhiteElo "1332"]
[BlackElo "1487"]
[PlyCount "51"]
[EventDate "2018.10.31"]
[EventType "swiss"]
[EventRounds "9"]
[EventCountry "ENG"]
[SourceTitle "CBM 187 Extra"]
[Source "ChessBase"]
[SourceDate "2018.11.04"]
[SourceVersion "1"]
[SourceVersionDate "2018.11.04"]
[SourceQuality "1"]

1. d4 Nf6 2. Bf4 d6 3. Nc3 g6 4. e3 Bg7 5. Nf3 0-0 6. h3 Nbd7 7. Bc4 b6 8. 0-0 Bb7 9. Re1 c5 10. d5 a6 11. a4 Ne8 12. Rb1 Nc7 13. e4 Re8 14. Qd2 Nf6 15. Rbd1 Qd7 16. e5 Nh5 17. e6 fxe6 18. dxe6 Qc8 19. Ng5 Nxf4 20. Qxf4 Rf8 21. Qh4 h5 22. Nf7 Qe8 23. Nxd6 exd6 24. e7+ Rf7 25. Rxd6 b5 26. Rd8 1-0

[Event "Telford 4NCL U1825 op"]
[Site "Telford"]
[Date "2018.11.02"]
[Round "5"]
[White "Hawthorne, Julian N"]
[Black "Watson, Andrew"]
[Result "1-0"]
[WhiteElo "1332"]
[BlackElo "1540"]
[PlyCount "83"]
[EventDate "2018.10.31"]
[EventType "swiss"]
[EventRounds "9"]
[EventCountry "ENG"]
[SourceTitle "CBM 187 Extra"]
[Source "ChessBase"]
[SourceDate "2018.11.04"]
[SourceVersion "1"]
[SourceVersionDate "2018.11.04"]
[SourceQuality "1"]

1. d4 Nf6 2. Bf4 d5 3. Nc3 c6 4. e3 Bf5 5. Bd3 e6 6. a3 Bd6 7. Bg5 h6 8. Bh4 Nbd7 9. h3 Qc7 10. Bxf5 exf5 11. Nge2 Ne4 12. Nxe4 fxe4 13. 0-0 Nf6 14. Bg3 0-0-0 15. Rc1 g5 16. c4 dxc4 17. Rxc4 Nh5 18. Bxd6 Rxd6 19. Nc3 g4 20. Qxg4+ Qd7 21. Qxh5 Rg8 22. Nxe4 Rdg6 23. Ng3 Rg5 24. Qf3 h5 25. h4 Rg4 26. Qf5 Qxf5 27. Nxf5 Rxg2+ 28. Kh1 Kd7 29. Ng3 R2xg3 30. fxg3 Rxg3 31. Rxf7+ Kd6 32. Kh2 Rxe3 33. Rxb7 Kd5 34. Rc5+ Kxd4 35. Rxh5 c5 36. Rd7+ Kc4 37. Rxa7 Re2+ 38. Kg3 Rxb2 39. Ra5 Rb3+ 40. Kg4 Rb5 41. Rxb5 Kxb5 42. Rxc5+ 1-0

[Event "GBR-ch Yates op 104th"]
[Site "Llandudno"]
[Date "2017.07.29"]
[Round "2"]
[White "Hawthorne, Julian N"]
[Black "McCulloch, Andrew"]
[Result "1-0"]
[WhiteElo "118"]
[BlackElo "102"]
[PlyCount "81"]
[EventDate "2017.07.28"]
[EventType "swiss"]
[EventRounds "5"]
[EventCountry "WLS"]
[SourceTitle "EXT 2019"]
[Source "ChessBase"]
[SourceDate "2018.10.10"]
[SourceVersion "1"]
[SourceVersionDate "2018.10.10"]
[SourceQuality "1"]

1. d4 d5 2. Bf4 Nf6 3. Nc3 e6 4. Nf3 Be7 5. e3 0-0 6. Bd3 Nbd7 7. Nb5 Bd6 8. Nxd6 cxd6 9. Bxd6 Re8 10. Bg3 Qb6 11. b3 Nf8 12. 0-0 h6 13. c4 dxc4 14. bxc4 Bd7 15. c5 Qd8 16. Qc2 Bc6 17. Ne5 Nd5 18. a3 Rc8 19. Rfb1 Qe7 20. Nc4 b5 21. Nd6 Red8 22. Nxc8 Rxc8 23. Bxb5 Bb7 24. Bd6 Qg5 25. c6 Ba8 26. Bxf8 Rxf8 27. Qc1 Rc8 28. Ra2 h5 29. Rc2 Ne7 30. e4 Qg6 31. f3 Rc7 32. Ba4 Kh7 33. Rb8 Bxc6 34. Bxc6 Rxc6 35. Rxc6 Nxc6 36. Qxc6 Qf6 37. Qc3 h4 38. Qd3 g6 39. Ra8 Qe7 40. Qc3 Qb7 41. Rc8 1-0